20 największych wysp na świecie - Statystyki

Ogólne statystyki
  • Ten quiz został rozwiązany 419 razy
  • Średni wynik to 7 z 20
Statystyki odpowiedzi
Odpowiedź % Poprawnych
1 Grenlandia
90%
4 Madagaskar
79%
9 Wielka Brytania
74%
18 Islandia
66%
20 Irlandia
60%
17 Kuba
57%
3 Borneo
43%
13 Jawa
38%
7 Honsiu
35%
6 Sumatra
32%
2 Nowa Gwinea
28%
14 Wyspa Północna
20%
12 Wyspa Południowa
20%
11 Celebes
17%
5 Ziemia Baffina
14%
15 Luzon
13%
16 Nowa Funlandia
13%
8 Wyspa Wiktorii
8%
19 Mindanao
7%
10 Wyspa Ellesmere'a
4%
Nie znaleziono quizów pasujących do podanych kryteriów
Rozkład punktacji
Procent ludzi z każdym wynikiem
Percentyl według liczby udzielonych odpowiedzi
Twoja historia wyników
Nie rozwiązałeś tego quizu